POTTER & PERRY'S FOUNDAMENTAL OF NURSING (Record no. 24960)

MARC details
000 -LEADER
fixed length control field 00442nam a22001697a 4500
003 - CONTROL NUMBER IDENTIFIER
control field SGT
020 ## - INTERNATIONAL STANDARD BOOK NUMBER
International Standard Book Number 9780131257821
082 ## - DEWEY DECIMAL CLASSIFICATION NUMBER
Classification number 610.73
Item number P21P
100 ## - MAIN ENTRY--PERSONAL NAME
Personal name POTTER, PATRICIA A.
245 ## - TITLE STATEMENT
Title POTTER & PERRY'S FOUNDAMENTAL OF NURSING
250 ## - EDITION STATEMENT
Edition statement 3RD S.A.
260 ## - PUBLICATION, DISTRIBUTION, ETC. (IMPRINT)
Place of publication, distribution, etc INDIA
Name of publisher, distributor, etc ELSEVIER PUB
Year of Publication 2021
300 ## - PAGE DESCRIPTION
No. of Pages 1342
650 ## - SUBJECT ADDED ENTRY--TOPICAL TERM
Topical term or geographic name as entry element FUNDAMENTAL OF NURSING
653 ## - KEYWORDS--INDEX TERM
Keyword term POTTER & PERRY'S FOUNDAMENTAL OF NURSING
942 ## - ADDED ENTRY ELEMENTS (KOHA)
Source of classification or shelving scheme Dewey Decimal Classification
Koha item type Books
942 ## - ADDED ENTRY ELEMENTS (KOHA)
-- 44
Holdings
Withdrawn status Lost status Source of classification or shelving scheme Damaged status Not for loan Collection code Home library Current library Shelving location Date acquired Vendor Name Cost, normal purchase price SGTU Bill Number Total Checkouts Full call number Accession No. (Barcode) Date last seen Bill Date Koha item type Date last borrowed
    Dewey Decimal Classification   Not For Loan NURSING SGT Medical Library SGT Medical Library Reference Book 04/09/2023 ABC DELHI 2085.00 SGTU 16927   610.73 P21P FN5336 04/09/2023 20/06/2023 Books  
    Dewey Decimal Classification     NURSING SGT Medical Library SGT Medical Library Reference Book 04/09/2023 ABC DELHI 2085.00 SGTU 16927 16 610.73 P21P FN5337 07/04/2026 20/06/2023 Books 16/03/2026
    Dewey Decimal Classification     NURSING SGT Medical Library SGT Medical Library Reference Book 04/09/2023 ABC DELHI 2085.00 SGTU 16927 16 610.73 P21P FN5338 27/04/2026 20/06/2023 Books 27/04/2026
    Dewey Decimal Classification     NURSING SGT Medical Library SGT Medical Library Reference Book 04/09/2023 ABC DELHI 2085.00 SGTU 16927 17 610.73 P21P FN5339 05/06/2026 20/06/2023 Books 09/05/2026
    Dewey Decimal Classification     NURSING SGT Medical Library SGT Medical Library Reference Book 04/09/2023 ABC DELHI 2085.00 SGTU 16927 11 610.73 P21P FN5340 03/02/2026 20/06/2023 Books 20/01/2026